00569 2200229 4500001002100000005001700021008004100038035002400079040001200103040001200115082001200127090001900139100001400158245002600172250001000198260003600208300002100244500002700265650002300292850001200315990001200327YOGYA-0712000000004120120703210632.0 ind  0010-071200000000041 aYOPDYOG aYOPDYOG a808.823 a808.823bMay R aMAY, Karl aRaja minyakcKarl May aCet.4 aJakartabPradnya Paramitac1975 a... jilidc20 cm aYang diterima : jil. 3 aCerita petualangan aYOPDYOG a49162-b